| 000 | 00458nam a2200169Ia 4500 | ||
|---|---|---|---|
| 003 | GCL | ||
| 008 | 140319s9999 xx 000 0 ara d | ||
| 040 |
_aGCL / _cGCL |
||
| 082 | 0 | 4 |
_aد _b050 |
| 100 | 1 | _aانور الجندى | |
| 245 | 1 | 0 |
_aالامام المراغى (اقرا 115 ) / _cانور الجندى |
| 300 | _a156 | ||
| 490 |
_aاقرأ _v0 |
||
| 650 | 0 | 4 | _aالرجال - تراجم |
| 650 | 0 | 4 | _aالامام المراغى |
| 942 |
_2ddc _cBK |
||
| 999 |
_c48898 _d48898 |
||